UK History Picture Quiz - V - Statistics

General Stats
  • This quiz has been taken 257 times
  • The average score is 11 of 15
Answer Stats
Picture Hint Answer % Correct
a.k.a. The Empress of India Queen {Victoria}
99%
Edward Jenner's disease prevention Vaccination
96%
Nickname of Elizabeth I The {Virgin} Queen
95%
16th century Shakespeare play set in Italy Merchant of {Venice}
93%
Race of people that invaded Britain in 8th century Vikings
93%
Royal navy flagship at the Battle of Trafalgar HMS {Victory}
84%
Abbreviation of purchase tax introduced in 1973 VAT
82%
Company making cars since 1903 Vauxhall
77%
Why the overseas territory of Monserrat was evacuated in the late 1990's Volcano
75%
Maths wizard, TV presenter born in 1960 Carol {Vorderman}
62%
1958 film by English director Alfred Hitchcock Vertigo
62%
Soft drink created in Manchester in 1908 Vimto
62%
Adult comic magazine first published in 1979 Viz
45%
Isle of Wight resort popular in Victorian times Ventnor
30%
Capital of overseas territory Anguilla dated back to 1787 The {Valley}
9%
No matching quizzes found
Score Distribution
Percent of People with Each Score
Percentile by Number Answered
Your Score History
You have not taken this quiz